Noem de woorden van het leesplankje met eerste letter - Statistieken

Algemene statistieken
  • Deze quiz is 10 keer genomen
  • De gemiddelde score is 7 van 17
Antwoordstatistieken
Hint Antwoord % Correct
A Aap
100%
M Mies
100%
N Noot
100%
W Wim
56%
J Jet
44%
Z Zus
44%
D Does
33%
T Teun
33%
W Weide
33%
H Hok
22%
G Gijs
22%
K Kees
22%
S Schapen
22%
B Bok
11%
D Duif
11%
L Lam
11%
V Vuur
11%
Geen overeenkomende quizzen gevonden
Scoreverdeling
Procent van Mensen met Elke Score
Percentiel versus Aantal Correcte Antwoorden
Uw Scoregeschiedenis
U heeft deze quiz nog niet genomen